Books by Haiku Quiz Stats

 Plays Quiz Updated Nov 26, 2018

Support Sporcle.
Go Orange.
Score 0/18 Timer 07:00
4 Plays Today
Haiku Book title % Correct
Man makes a monster / family is terrorized / pressured to make wifeFrankenstein
87.4%
Crashed on an island / A boyish power struggle / Who has the conch shell?Lord of the Flies
84.5%
Lawyer and father / prejudice in the courthouse / hero of MaycombTo Kill a Mockingbird
73.1%
Flunked out of his school / wandering around New York / tired of phoniesCatcher in the Rye
69%
Delusional man / partner rides on a donkey / terrorist windmillsDon Quixote
66.3%
Stuck in asylum / Big Nurse versus a cowboy / who's bull goose loony?One Flew Over the Cuckoo's Nest
64.1%
Fogey is haunted / his bitterness shown to him / happy holidaysA Christmas Carol
56.1%
Revolt: two legs bad / Success: enact five year plan / Conclude: two legs good?Animal Farm
51.9%
O my brothers, droogs / brainwashed, Beethoven ruined / ultraviolenceA Clockwork Orange
49%
Haiku Book title % Correct
Leaves abusive aunt / governess in a manor / wife in the attic?Jane Eyre
45.3%
Bomber dislikes war / not quite jaundiced so no luck / chocolate cottonCatch-22
44.4%
Russian murderer / psychological thriller / haunted by the deedCrime and Punishment
42.9%
Laboratory babes / Soma calms fears after Ford / Malthusian drillsBrave New World
36.9%
Forever youthful / ages vicariously / tries hedonismThe Picture of Dorian Gray
36.4%
Victim of malice / finds an enormous treasure / exacts cold revengeThe Count of Monte-Cristo
32.3%
Pilgrim is unstuck / millions die in conflict / bird says, 'Poo tee weet?'Slaughterhouse-Five
28.7%
Child war prodigy / chosen to defeat Buggers / mournful xenocideEnder's Game
26.7%
Preacher in pursuit / son lost in Johannesburg / apartheid eraCry, the Beloved Country
12.8%

From the Vault

First Vowel 'O' Countries

by Flick

First letters get all the attention, but this is a vowel-only competition.
Remove Ads.
Support Sporcle.
Get the best of Sporcle when you Go Orange. This ad-free experience offers more features, more stats, and more fun while also helping to support Sporcle. Thank you for becoming a member.

Show Comments

Extras

Top Quizzes Today


Score Distribution

Your Account Isn't Verified!

In order to create a playlist on Sporcle, you need to verify the email address you used during registration. Go to your Sporcle Settings to finish the process.

Report this User

Report this user for behavior that violates our Community Guidelines.

Details: